000 00386nam a22001697a 4500
003 OSt
008 250401b |||||||| |||| 00| 0 eng d
020 _a9789357780834
082 _a658.15 RUF
100 _aRUSTAGI,RP
245 _aFinancial Management
250 _a7th Ed
260 _aNew Delhi
_bTaxmann
_c2024
300 _a926
650 _aFinancial Management
942 _2ddc
999 _c13196
_d13196